Movies Quiz

Random Movies or Clickable Quiz

Disney-pedia Quiz Stats

Quiz Updated Feb 10, 2013

Also try: Disney Singers
Challenge
Share
Tweet
Embed
Score 0/30 Timer 05:00
1 Play Today
% Correct
The Little Mermaid
92.7%
Dumbo
92.4%
Aladdin
91.9%
Mulan
90%
One Hundred and One Dalmatians
89.4%
The Aristocats
88.3%
Robin Hood
88.1%
The Emperor's New Groove
87.3%
Pocahontas
83%
Wreck-It Ralph
82%
Dinosaur
81.9%
Sleeping Beauty
81%
The Princess and the Frog
79.9%
Lady and the Tramp
79.5%
Home on the Range
76.6%
% Correct
Beauty and the Beast
73.2%
Fantasia
72.7%
Enchanted
72.1%
Alice in Wonderland
70.7%
Lilo & Stitch
66.8%
The Rescuers
59.9%
Song of the South
58.3%
Meet the Robinsons
57.8%
Oliver & Company
57.6%
Winnie the Pooh
57.1%
Cinderella
56.6%
Piglet's Big Movie
50.3%
Peter Pan
49.6%
Treasure Planet
48.1%
The Black Cauldron
45%

You're not logged in!

Compare scores with friends on all Sporcle quizzes.
Join for Free
OR
Log In

You Might Also Like...

Show Comments

Extras

Top Quizzes Today


Score Distribution

Your Account Isn't Verified!

In order to create a playlist on Sporcle, you need to verify the email address you used during registration. Go to your Sporcle Settings to finish the process.

Report this User

Report this user for behavior that violates our Community Guidelines.

Details: